[Event "Niedersachsen-ch op-C"]
[Site "Verden"]
[Date "2013.01.05"]
[Round "6"]
[White "Bick, Lennard"]
[Black "Bielstein, Bernd"]
[Result "0-1"]
[WhiteElo "1585"]
[BlackElo "1674"]
[PlyCount "56"]
[EventDate "2013.01.03"]
[EventType "swiss"]
[EventRounds "7"]
[EventCountry "GER"]
[SourceTitle "EXT 2021"]
[Source "ChessBase"]
[SourceDate "2020.10.23"]
[SourceVersion "1"]
[SourceVersionDate "2020.10.23"]
[SourceQuality "1"]

1. d4 Nf6 2. Nc3 e6 3. Bf4 d5 4. e3 Bd7 5. f3 c5 6. Qd2 Nc6 7. Nb5 Rc8 8. Bd6 cxd4 9. exd4 Be7 10. Qf4 0-0 11. Bd3 Nb4 12. Bc7 Nxd3+ 13. cxd3 Qe8 14. Nd6 Bxd6 15. Bxd6 Qd8 16. Bxf8 Qxf8 17. Ne2 Rc2 18. Rb1 Qb4+ 19. Kf2 Nh5 20. Qb8+ Rc8 21. Qe5 Nf6 22. Rhc1 Bc6 23. Nf4 Qd2+ 24. Kg3 Re8 25. Qe2 Nh5+ 26. Kf2 Qxf4 27. Qe5 Qd2+ 28. Kg1 Nf4 0-1

[Event "Bad Harzburg op 13th"]
[Site "Bad Harzburg"]
[Date "2012.10.31"]
[Round "3"]
[White "Bick, Lennard"]
[Black "Othmer, Michael"]
[Result "0-1"]
[WhiteElo "1606"]
[BlackElo "1986"]
[PlyCount "50"]
[EventDate "2012.10.30"]
[EventType "swiss"]
[EventRounds "8"]
[EventCountry "GER"]
[SourceTitle "EXT 2014"]
[Source "ChessBase"]
[SourceDate "2013.11.20"]
[SourceVersion "1"]
[SourceVersionDate "2013.11.20"]
[SourceQuality "1"]

1. e4 g6 2. d4 Bg7 3. Nf3 d6 4. Bc4 Nf6 5. Nc3 0-0 6. Be3 Nxe4 7. Nxe4 d5 8. Bxd5 Qxd5 9. Nc3 Qa5 10. Qd2 Bg4 11. Ng5 c5 12. h3 cxd4 13. Bxd4 Bxd4 14. Qxd4 Qxg5 15. Qxg4 Qxg4 16. hxg4 Nc6 17. 0-0-0 Rfd8 18. Rhe1 f6 19. Nd5 Kf7 20. f4 Rd7 21. f5 Rad8 22. Nf4 Rxd1+ 23. Rxd1 Rxd1+ 24. Kxd1 Ne5 25. fxg6+ hxg6 0-1

[Event "GER-ch U25 op-B"]
[Site "Oberhof"]
[Date "2012.05.31"]
[Round "7"]
[White "Bick, Lennard"]
[Black "Matuschak, Henry"]
[Result "1-0"]
[WhiteElo "1169"]
[BlackElo "1034"]
[PlyCount "91"]
[EventDate "2012.05.27"]
[EventType "swiss"]
[EventRounds "9"]
[EventCountry "GER"]
[SourceTitle "CBM 148 Extra"]
[Source "ChessBase"]
[SourceDate "2012.06.22"]
[SourceVersion "1"]
[SourceVersionDate "2012.06.22"]
[SourceQuality "1"]

1. e4 e5 2. Nf3 Nc6 3. Bb5 a6 4. Ba4 Nf6 5. Nc3 Bb4 6. a3 Ba5 7. 0-0 0-0 8. d3 d6 9. Bg5 Bxc3 10. bxc3 h6 11. Be3 Bg4 12. Rb1 b5 13. Bb3 d5 14. exd5 Nxd5 15. Bd2 Qd6 16. h3 Bh5 17. Re1 Rfe8 18. g4 Bg6 19. c4 Nf4 20. Bxf4 exf4 21. Qd2 bxc4 22. Bxc4 Nd4 23. Nxd4 Qxd4 24. Rxe8+ Rxe8 25. Bxa6 f3 26. Re1 Rxe1+ 27. Qxe1 f6 28. Bc4+ Kh7 29. Qe6 Qd8 30. a4 Qe8 31. a5 Qa8 32. a6 Be8 33. Qe4+ Qxe4 34. dxe4 Bc6 35. Bd5 Bxd5 36. exd5 g6 37. a7 f5 38. a8Q fxg4 39. hxg4 h5 40. gxh5 gxh5 41. Qb7 Kg6 42. Qxc7 Kg5 43. Qe5+ Kg4 44. Qe4+ Kh3 45. Qxf3+ Kh4 46. Qg3# 1-0

[Event "GER-ch U25 op-B"]
[Site "Oberhof"]
[Date "2012.05.30"]
[Round "6"]
[White "Schier, Lukas"]
[Black "Bick, Lennard"]
[Result "1-0"]
[WhiteElo "1272"]
[BlackElo "1169"]
[PlyCount "41"]
[EventDate "2012.05.27"]
[EventType "swiss"]
[EventRounds "9"]
[EventCountry "GER"]
[SourceTitle "CBM 148 Extra"]
[Source "ChessBase"]
[SourceDate "2012.06.22"]
[SourceVersion "1"]
[SourceVersionDate "2012.06.22"]
[SourceQuality "1"]

1. e4 e5 2. Nf3 Nc6 3. Bc4 Bc5 4. d3 d6 5. Nc3 Bg4 6. h3 Bh5 7. Bg5 Bxf3 8. Qxf3 Qxg5 9. Qxf7+ Kd8 10. Qf8+ Kd7 11. Qxa8 Nd4 12. Bb3 Qxg2 13. 0-0-0 Qxf2 14. Rdf1 Nxb3+ 15. axb3 Be3+ 16. Kb1 Qg2 17. Nd5 Bf4 18. Rhg1 Qxh3 19. Rxg7+ Ke6 20. Qe8+ Ne7 21. Qxe7# 1-0

[Event "GER-ch U25 op-B"]
[Site "Oberhof"]
[Date "2012.05.27"]
[Round "1"]
[White "Bick, Lennard"]
[Black "Piontek, Oliver"]
[Result "1-0"]
[WhiteElo "1169"]
[BlackElo "748"]
[PlyCount "69"]
[EventDate "2012.05.27"]
[EventType "swiss"]
[EventRounds "9"]
[EventCountry "GER"]
[SourceTitle "CBM 148 Extra"]
[Source "ChessBase"]
[SourceDate "2012.06.22"]
[SourceVersion "1"]
[SourceVersionDate "2012.06.22"]
[SourceQuality "1"]

1. e4 e5 2. Nf3 Nc6 3. Bb5 Qf6 4. Nc3 Bc5 5. d3 Nd4 6. Nxd4 exd4 7. Nd5 Qe5 8. Bf4 Qxd5 9. exd5 c6 10. dxc6 dxc6 11. Bc4 Nf6 12. Qe2+ Kd8 13. 0-0 Bg4 14. f3 Re8 15. Qf2 Be6 16. Bxe6 Rxe6 17. Rae1 Rxe1 18. Rxe1 Nd5 19. Qe2 Kd7 20. Bg3 Nc7 21. Bxc7 Kxc7 22. Qe5+ Kb6 23. b4 Bxb4 24. Rb1 a5 25. a3 c5 26. axb4 axb4 27. Qd6+ Kb5 28. Qc7 Ra7 29. Kf2 f5 30. Ra1 Ra6 31. Qxb7+ Rb6 32. Qd7+ Rc6 33. Ra5+ Kb6 34. Ra6+ Kxa6 35. Qxc6+ 1-0

[Event "GER-ch U25 op-B"]
[Site "Oberhof"]
[Date "2012.05.27"]
[Round "2"]
[White "Gressmann, Hanna"]
[Black "Bick, Lennard"]
[Result "1-0"]
[WhiteElo "1393"]
[BlackElo "1169"]
[PlyCount "43"]
[EventDate "2012.05.27"]
[EventType "swiss"]
[EventRounds "9"]
[EventCountry "GER"]
[SourceTitle "CBM 148 Extra"]
[Source "ChessBase"]
[SourceDate "2012.06.22"]
[SourceVersion "1"]
[SourceVersionDate "2012.06.22"]
[SourceQuality "1"]

1. e4 e5 2. Nf3 Nf6 3. Bc4 Bc5 4. d3 Nc6 5. c3 d6 6. 0-0 Bg4 7. Nbd2 h5 8. h3 Bd7 9. Ng5 Rf8 10. Nb3 Qe7 11. d4 exd4 12. cxd4 Bb6 13. f4 0-0-0 14. Re1 Rde8 15. Re2 a6 16. Kh1 h4 17. d5 Na5 18. Nxa5 Bxa5 19. Re3 Nh5 20. Qxh5 f6 21. Ne6 Bxe6 22. dxe6 1-0

[Event "Niedersachsen-ch op-B"]
[Site "Verden"]
[Date "2012.01.03"]
[Round "4"]
[White "Bick, Lennard"]
[Black "Graf, Tristan"]
[Result "1/2-1/2"]
[WhiteElo "1253"]
[BlackElo "932"]
[PlyCount "145"]
[EventDate "2012.01.02"]
[EventType "swiss"]
[EventRounds "7"]
[EventCountry "GER"]
[SourceTitle "EXT 2021"]
[Source "ChessBase"]
[SourceDate "2020.10.23"]
[SourceVersion "1"]
[SourceVersionDate "2020.10.23"]
[SourceQuality "1"]

1. e4 e5 2. Nf3 Nc6 3. Bc4 Bc5 4. c3 Nf6 5. d4 exd4 6. cxd4 Bb6 7. Nc3 d6 8. Bb5 Bg4 9. d5 a6 10. dxc6 axb5 11. cxb7 Rb8 12. Bg5 c6 13. Qd3 h6 14. Bf4 Bc7 15. e5 Bxf3 16. Qxf3 dxe5 17. Qxc6+ Qd7 18. Qxd7+ Nxd7 19. Bg3 Rxb7 20. 0-0-0 f6 21. Nd5 Ba5 22. a3 b4 23. axb4 Bxb4 24. Nxb4 Rxb4 25. Rd6 Nb6 26. Rhd1 0-0 27. R6d2 Rb8 28. Rd8+ Rxd8 29. Rxd8+ Kh7 30. Rb8 Rc4+ 31. Kd2 Nd5 32. b3 Rd4+ 33. Kc2 Nb4+ 34. Kc3 Nd5+ 35. Kb2 Rd2+ 36. Ka3 Rd3 37. Ka4 Rd4+ 38. Ka5 Ne7 39. Rb7 Rd5+ 40. Ka4 Nc6 41. b4 Rd4 42. Kb5 Nxb4 43. Kc5 Nd3+ 44. Kc6 Ne1 45. f4 Nxg2 46. fxe5 fxe5 47. Bxe5 Rg4 48. Kc5 Ne1 49. Kd5 Rg5 50. Ke4 Ng2 51. Re7 Nh4 52. Rd7 Rg4+ 53. Kd5 Nf3 54. Bg3 Rd4+ 55. Ke6 Rxd7 56. Kxd7 h5 57. Ke6 g5 58. Kf5 Kh6 59. Bd6 Nd4+ 60. Ke4 Ne2 61. Ke3 Ng1 62. Kf2 Nh3+ 63. Kg3 g4 64. Be5 Kg5 65. Kg2 Nf4+ 66. Kg3 Nh3 67. Kg2 h4 68. Bb2 Nf4+ 69. Kf1 g3 70. Bc1 gxh2 71. Bxf4+ Kxf4 72. Kg2 Kg4 73. Kxh2 1/2-1/2